Everything and the moon / (Record no. 234361)
[ view plain ]
| 000 -LEADER | |
|---|---|
| fixed length control field | 02087cam a22003615a 4500 |
| 001 - CONTROL NUMBER | |
| control field | 16953196 |
| 003 - CONTROL NUMBER IDENTIFIER | |
| control field | Nust |
| 005 - DATE AND TIME OF LATEST TRANSACTION | |
| control field | 20170319181824.0 |
| 008 - FIXED-LENGTH DATA ELEMENTS--GENERAL INFORMATION | |
| fixed length control field | 110909s1997 nyu 000 1 eng d |
| 010 ## - LIBRARY OF CONGRESS CONTROL NUMBER | |
| LC control number | 2011487075 |
| 020 ## - INTERNATIONAL STANDARD BOOK NUMBER | |
| International Standard Book Number | 9780749908959 (pbk.) |
| 035 ## - SYSTEM CONTROL NUMBER | |
| System control number | (OCoLC)ocm36397948 |
| 040 ## - CATALOGING SOURCE | |
| Original cataloging agency | EOW |
| Transcribing agency | EOW |
| Modifying agency | SVP |
| -- | OCL |
| -- | OCLCQ |
| -- | BAKER |
| -- | NZQQP |
| -- | BTCTA |
| -- | OCLCQ |
| -- | AU@ |
| -- | NXA |
| -- | FMF |
| -- | DLC |
| 042 ## - AUTHENTICATION CODE | |
| Authentication code | lccopycat |
| 043 ## - GEOGRAPHIC AREA CODE | |
| Geographic area code | e-uk-en |
| 050 00 - LIBRARY OF CONGRESS CALL NUMBER | |
| Classification number | CPB Box no. 406 (Stored at Landover) |
| 082 04 - DEWEY DECIMAL CLASSIFICATION NUMBER | |
| Classification number | 813.54 |
| Author Mark | QUI |
| 100 1# - MAIN ENTRY--PERSONAL NAME | |
| Personal name | Quinn, Julia, |
| Dates associated with a name | 1970-. |
| 245 10 - TITLE STATEMENT | |
| Title | Everything and the moon / |
| Statement of responsibility, etc. | Julia Quinn. |
| 260 ## - PUBLICATION, DISTRIBUTION, ETC. | |
| Place of publication, distribution, etc. | New York : |
| Name of publisher, distributor, etc. | Avon Books, |
| Date of publication, distribution, etc. | 1997. |
| 300 ## - PHYSICAL DESCRIPTION | |
| Extent | 372 p. ; |
| Dimensions | 18 cm. |
| 490 1# - SERIES STATEMENT | |
| Series statement | Avon romantic treasure |
| 490 0# - SERIES STATEMENT | |
| Series statement | Avon historical romance |
| 520 ## - SUMMARY, ETC. | |
| Summary, etc. | When Robert Kemble stumbles across Victoria Lyndon in a hedgerow maze, he can't believe his eyes. The girl who'd torn him in two, who let him plan an elopement and left him standing by the side of the road, was suddenly within arm's reach, and even though his fury still knew no bounds, she was impossible to resist. Victoria's father told her an earl would never marry a vicar's daughter, and he was right. Robert had promised her marriage, then danced off to London while she suffered the shame of a foiled elopement. But even though Victoria doesn't particularly enjoy her new life as a governess, when Robert offers her a job of a different sort--his mistress--she refuses, unable to sacrifice her honor, even for him. But Robert won't take no for an answer, and he vows to make her his through any means possible. Can these star-crossed lovers learn to trust again? |
| 651 #0 - SUBJECT ADDED ENTRY--GEOGRAPHIC NAME | |
| Geographic name | England |
| General subdivision | Social life and customs |
| Chronological subdivision | 19th century |
| Form subdivision | Fiction. |
| 655 #7 - INDEX TERM--GENRE/FORM | |
| Genre/form data or focus term | Love stories. |
| Source of term | gsafd |
| 655 #7 - INDEX TERM--GENRE/FORM | |
| Genre/form data or focus term | Historical fiction. |
| Source of term | gsafd |
| 710 2# - ADDED ENTRY--CORPORATE NAME | |
| Corporate name or jurisdiction name as entry element | Copyright Paperback Collection (Library of Congress) |
| Institution to which field applies | DLC |
| 830 #0 - SERIES ADDED ENTRY--UNIFORM TITLE | |
| Uniform title | Avon romantic treasure. |
| 906 ## - LOCAL DATA ELEMENT F, LDF (RLIN) | |
| a | 0 |
| b | ibc |
| c | copycat |
| d | 2 |
| e | ncip |
| f | 20 |
| g | y-genrareb |
| 942 ## - ADDED ENTRY ELEMENTS (KOHA) | |
| Source of classification or shelving scheme | |
| Koha item type | Book |
| Withdrawn status | Lost status | Source of classification or shelving scheme | Damaged status | Not for loan | Permanent Location | Current Location | Shelving location | Date acquired | Total Checkouts | Full call number | Barcode | Date last seen | Date last checked out | Copy number | Price effective from | Koha item type |
|---|---|---|---|---|---|---|---|---|---|---|---|---|---|---|---|---|
| Central Library (CL) | Central Library (CL) | Fiction | 03/19/2017 | 2 | 813.54 QUI | CL1537 | 07/26/2024 | 07/26/2024 | 1 | 03/19/2017 | Book |
